00517nam a2200157Ia 4500008004100000020002200041041000800063082001700071100001300088245003300101250000900134260004900143300000900192999001900201952013900220230627s9999 xx 000 0 und d a978-81-7534-977-3 aeng a342.940bDAS aDas,P.K. aThe Right To Information Act a3ed. bUniversal Law Publishing Co. Pvt. Ltd.c2010 a752p c697183d697183 001040708LLBaNLPbNLPd2011-03-31g525.00l1o342.940 DASpNLP-N28616q2013-07-27r2024-01-05 00:00:00s2024-01-05w2023-07-17yBK